00334pab a2200121 454500008004000000100002200040245004500062260000900107300001300116362000800129650000800137773006700145180718b2010 xxu||||| |||| 00| 0 eng d aJackson, Donna R. aThe Ogaden war and the demise of detente c2010 ap.26-40. aNov aWar aAnnals of the American Academy of Political and Social Science